Fundamentos de transferencia de momento, calor y masa

Bibliographic Details
Main Authors: Welty, James R, Wicks, Charles E, Wilson, Robert E.
Format: Section = Libro
Language:Undetermined
Spanish
Published: México Limusa 2002
Edition:2a.ed
Subjects:
LEADER 00795nam a2200265Ia 4500
008 240830s9999 xx 000 0 und d
020 |a 968-18-5896-4 
040 |a CEDOC FIQ-RUSB / 660.284292 W464 
041 |a spa 
082 |a 660.284292 W464 
100 1 |a Welty, James R 
100 1 |b  Wicks, Charles E 
100 1 |c  Wilson, Robert E. 
245 1 0 |a Fundamentos de transferencia de momento, calor y masa 
250 |a 2a.ed 
260 |a México  |b Limusa  |c 2002 
300 |a 929 p. : il 
650 7 |a TRANSFERENCIA DE MOMENTO-CALOR - MASA 
650 7 |b  ESTATICA DE FLUIDOS 
650 7 |c  ECUACIONES DIFERENCIALES - FLUJO DE FLUIDO 
650 7 |d  FLUJO VISCOSO TRANSFERENCIA DE CALOR-RADIACION 
650 7 |e  EBULLICION Y CONDENSACION 
942 |c BK  |2 ddc 
991 |a TEXTO 
999 |c 14199